Classement du Ballon d'or 2017 - Statistiques

Statistiques générales
  • Ce quiz a été pris 415 fois
  • Le résultat moyen est 25 sur 30
Statistiques - réponses
Classement Joueur Club du joueur Nationalité % Correct
1 Cristiano Ronaldo Real Madrid Portugal
100%
2 Lionel Messi FC Barcelone Argentine
100%
3 Neymar Jr FC Barcelone / Paris Saint-Germain Brésil
100%
7 Kylian Mbappé AS Monaco / Paris Saint-Germain France
99%
5 Luka Modric Real Madrid Croatie
99%
11 Edinson Cavani Paris Saint-Germain Uruguay
97%
10 Harry Kane Tottenham Hotspur Angleterre
96%
14 Kevin De Bruyne Manchester City Belgique
96%
9 Robert Lewandowski Bayern Munich Pologne
96%
18 Antoine Griezmann Atlético Madrid France
95%
13 Luis Suarez FC Barcelone Uruguay
94%
23 Sadio Mané Liverpool FC Sénégal
94%
17 Toni Kroos Real Madrid Allemagne
94%
8 N'Golo Kanté Chelsea FC France
93%
25 Karim Benzema Real Madrid France
90%
21 Pierre-Emerick Aubameyang Borussia Dortmund Gabon
90%
6 Sergio Ramos Real Madrid Espagne
90%
19 Eden Hazard Chelsea FC Belgique
87%
4 Gianluigi Buffon Juventus FC Italie
87%
16 Marcelo Real Madrid Brésil
86%
24 Radamel Falcao AS Monaco Colombie
85%
26 Jan Oblak Atlético Madrid Slovénie
84%
15 Paulo Dybala Juventus FC Argentine
78%
28 Edin Dzeko AS Rome Bosnie-Herzégovine
77%
20 David De Gea Manchester United Espagne
68%
22 Leonardo Bonucci Juventus FC / AC Milan Italie
65%
12 Isco Real Madrid Espagne
63%
30 Dries Mertens SSC Naples Belgique
62%
29 Philippe Coutinho Liverpool FC Brésil
46%
27 Mats Hummels Bayern Munich Allemagne
38%
Aucun quiz correspondant
Distribution des résultats
% des personnes avec chaque résultat
Percentile par nombre de réponses
Votre historique - résultats
Vous n’avez pas pris ce quiz